| 000 | 01182cam a2200301 i 4500 | ||
|---|---|---|---|
| 001 | 22055 | ||
| 003 | Mx-PuUPA | ||
| 005 | 20230412123031.0 | ||
| 008 | 140415s2019 mx fr l 001 0 spa d | ||
| 020 | _a9786071735836 | ||
| 040 |
_cMx-PuUPA _aMx-PuUPA _dMx-PuUPA _bspa _erda |
||
| 041 | 0 | _aspa | |
| 100 | 1 |
_914016 _aTabares Scott, Jorge Alberto, _eautor |
|
| 245 | 1 | 0 |
_aGuía práctica de derecho laboral / _cJorge Alberto Tabares Scott |
| 250 |
_aTercera edición / _bmarzo |
||
| 264 | 1 |
_aMéxico, Ciudad de México : _bEditorial Trillas, _c2019 |
|
| 300 |
_a181 páginas ; _c23 cm |
||
| 336 |
_2rdacontent _atexto _btxt |
||
| 337 |
_2rdamedia _asin medio _bn |
||
| 338 |
_2rdacarrier _avolumen _bnc |
||
| 500 | _a"Últimas reformas a la Ley Federal del Trabajo Obligaciones de patrones y trabajadores Plazo de pago para participación de utilidades". -- Cubierta | ||
| 500 | _a"Jornadas de trabajo Seguridad social Salarios y descuentos Medidas disciplinares". -- Portada | ||
| 650 | 7 |
_2armarc _aTrabajo _xLegislación |
|
| 650 | 7 |
_2armarc _aDerecho laboral |
|
| 942 |
_2ddc _cLI _h344.7201 _iT112 |
||
| 999 |
_c22055 _d22055 |
||